[Event "Lippe Cup 06th"]
[Site "Lieme"]
[Date "2009.10.18"]
[Round "5"]
[White "Kenter, Jan Theodor"]
[Black "Gelashvili, Vakhtang"]
[Result "1-0"]
[WhiteElo "1694"]
[BlackElo "1784"]
[PlyCount "95"]
[EventDate "2009.10.16"]
[EventType "swiss"]
[EventRounds "5"]
[EventCountry "GER"]
[SourceTitle "EXT 2012"]
[Source "ChessBase"]
[SourceDate "2011.11.24"]
[SourceVersion "1"]
[SourceVersionDate "2011.11.24"]
[SourceQuality "1"]

1. d4 d5 2. c4 e6 3. Nf3 Bd6 4. Nc3 c6 5. e3 Nf6 6. Be2 Nbd7 7. 0-0 0-0 8. a3 a5 9. Qc2 dxc4 10. Bxc4 b5 11. Be2 Bb7 12. Nd2 Re8 13. Nde4 Bc7 14. Nc5 Nxc5 15. dxc5 Qe7 16. Na2 b4 17. e4 Ba6 18. Bxa6 Rxa6 19. Qc4 Raa8 20. axb4 axb4 21. Bd2 b3 22. Nb4 Qd7 23. Bc3 Rxa1 24. Rxa1 e5 25. f3 g5 26. Qxb3 g4 27. Qa4 gxf3 28. gxf3 Kh8 29. Qxc6 Rg8+ 30. Kf2 Qd8 31. Rg1 Rxg1 32. Kxg1 Nh5 33. Qh6 Nf4 34. Kf2 Kg8 35. Nc6 Qe8 36. Qg5+ Ng6 37. Qf6 h5 38. f4 Qf8 39. b4 exf4 40. Ne7+ Kh7 41. Nxg6 Qg8 42. Qh8+ Qxh8 43. Nxh8 Kg8 44. b5 Kf8 45. b6 Bd8 46. b7 Bc7 47. Ba5 Bb8 48. c6 1-0

[Event "Lippe Cup 04th"]
[Site "Lieme"]
[Date "2007.09.29"]
[Round "3"]
[White "Kenter, Jan Theodor"]
[Black "Schmalbruch, Manuel"]
[Result "0-1"]
[WhiteElo "1629"]
[BlackElo "1319"]
[PlyCount "104"]
[EventDate "2007.09.28"]
[EventType "swiss"]
[EventRounds "5"]
[EventCountry "GER"]
[SourceTitle "EXT 2012"]
[Source "ChessBase"]
[SourceDate "2011.11.24"]
[SourceVersion "1"]
[SourceVersionDate "2011.11.24"]
[SourceQuality "1"]

1. d4 d5 2. c4 Nf6 3. Nc3 e6 4. Bg5 Be7 5. Nf3 Nc6 6. e3 h6 7. Bh4 Ne4 8. Bxe7 Nxc3 9. Bxd8 Nxd1 10. Rxd1 Nxd8 11. Ne5 Nc6 12. Nxc6 bxc6 13. c5 0-0 14. Bd3 f6 15. Bg6 e5 16. 0-0 e4 17. Rd2 f5 18. f3 Ba6 19. Rff2 Rf6 20. Bh5 g6 21. fxe4 gxh5 22. e5 Rf7 23. Rf4 Kg7 24. Rdf2 Bd3 25. h3 Raf8 26. Kh2 Kg6 27. Kg3 Kg5 28. Kh2 h4 29. g4 hxg3+ 30. Kxg3 h5 31. h4+ Kg6 32. Kh3 Rg7 33. Rg2+ Kh6 34. Rxg7 Kxg7 35. Rf3 Kh6 36. Rf2 a6 37. Rf4 a5 38. Rf2 Rb8 39. Rd2 Be4 40. Re2 a4 41. Rd2 Bb1 42. a3 Be4 43. Kg3 Rg8+ 44. Kh3 Bf3 45. Rf2 Bg4+ 46. Kh2 Rb8 47. Kg3 Rb3 48. Kf4 Kg6 49. Rd2 Kh6 50. Rf2 Rd3 51. Rg2 Rd1 52. e6 Kg6 0-1